[Event "Balatonlelle op 27th"]
[Site "Balatonlelle"]
[Date "2009.06.13"]
[Round "1"]
[White "Horvath, Kalman"]
[Black "Varga, Csaba"]
[Result "0-1"]
[WhiteElo "2161"]
[BlackElo "2392"]
[PlyCount "164"]
[EventDate "2009.06.13"]
[EventType "swiss"]
[EventRounds "9"]
[EventCountry "HUN"]
[SourceTitle "CBM 131 Extra"]
[Source "ChessBase"]
[SourceDate "2009.09.03"]
[SourceVersion "2"]
[SourceVersionDate "2009.09.16"]
[SourceQuality "1"]

1. d4 Nf6 2. Nf3 g6 3. c4 Bg7 4. Nc3 0-0 5. Bg5 d6 6. e3 c5 7. Qd2 Bg4 8. Be2 Nc6 9. d5 Na5 10. Qd3 Nd7 11. Bf4 Qb6 12. Rb1 e5 13. dxe6 Bxe6 14. Nd5 Bxd5 15. Qxd5 Rad8 16. 0-0 Nf6 17. Qd1 d5 18. Qa4 Rfe8 19. Qb5 Nxc4 20. Bxc4 dxc4 21. Qxc4 Ne4 22. Qc2 Qa5 23. a3 Rc8 24. Rfd1 c4 25. Nd2 Nf6 26. Nf3 b5 27. Be5 Red8 28. Bd4 Nd5 29. Bxg7 Kxg7 30. Qe4 Nf6 31. Qh4 Rxd1+ 32. Rxd1 c3 33. bxc3 Qxa3 34. Nd4 Qxc3 35. Qg5 Rc5 36. Qf4 Qd3 37. Rf1 Qe4 38. Qd6 Rg5 39. g3 Ng4 40. Qf4 Qxf4 41. gxf4 Rc5 42. Ra1 b4 43. Rxa7 Rc1+ 44. Kg2 Rb1 45. h3 Nh6 46. Rb7 Nf5 47. Ne6+ Kf6 48. Ng5 Nh6 49. e4 b3 50. e5+ Kf5 51. Nxf7 Ng8 52. Kf3 Ke6 53. Ng5+ Kd5 54. Ne4 Kc6 55. Rb8 Ne7 56. Nd2 Rb2 57. Nxb3 Kc7 58. Rb5 Nf5 59. Kg2 Ne3+ 60. Kh1 Rb1+ 61. Kh2 Rb2 62. Nd4 Rxf2+ 63. Kg3 Rd2 64. Ne6+ Kd7 65. Nf8+ Kc6 66. Rb3 Nf5+ 67. Kg4 Rg2+ 68. Kf3 Rg3+ 69. Kf2 Rxb3 70. Nxh7 Rxh3 71. Nf8 Kd5 72. Nxg6 Ke6 73. Kg2 Rg3+ 74. Kf2 Rxg6 75. Kf3 Kd5 76. Kf2 Ke4 77. e6 Rxe6 78. Kg2 Ke3 79. Kh3 Kf3 80. Kh2 Rh6+ 81. Kg1 Rh7 82. Kf1 Rh1# 0-1

[Event "Zalakaros op 27th"]
[Site "Zalakaros"]
[Date "2008.05.30"]
[Round "9"]
[White "Varga, Csaba"]
[Black "Porubszky Angyalosine, Maria A"]
[Result "1/2-1/2"]
[WhiteElo "2356"]
[BlackElo "2119"]
[PlyCount "50"]
[EventDate "2008.05.22"]
[EventType "swiss"]
[EventRounds "9"]
[EventCountry "HUN"]
[SourceTitle "CBM 124 Extra"]
[Source "ChessBase"]
[SourceDate "2008.07.03"]
[SourceVersion "1"]
[SourceVersionDate "2008.07.03"]
[SourceQuality "1"]

1. e4 c5 2. Nc3 e6 3. Nf3 a6 4. g3 Nc6 5. Bg2 Qc7 6. 0-0 Nf6 7. Re1 d6 8. d4 cxd4 9. Nxd4 Be7 10. Nxc6 bxc6 11. e5 dxe5 12. Rxe5 0-0 13. Qe2 Bd6 14. Re3 Bb7 15. Rd3 Nd5 16. Ne4 Be7 17. c4 Nb4 18. Rd1 c5 19. Be3 Rad8 20. Qh5 Nc2 21. Bf4 Qb6 22. Rac1 Nd4 23. Rd2 f5 24. Nc3 Bxg2 25. Kxg2 Qc6+ 1/2-1/2

[Event "Zalakaros op 27th"]
[Site "Zalakaros"]
[Date "2008.05.27"]
[Round "6"]
[White "Romanishin, Oleg M"]
[Black "Varga, Csaba"]
[Result "1-0"]
[WhiteElo "2514"]
[BlackElo "2356"]
[PlyCount "120"]
[EventDate "2008.05.22"]
[EventType "swiss"]
[EventRounds "9"]
[EventCountry "HUN"]
[SourceTitle "CBM 124 Extra"]
[Source "ChessBase"]
[SourceDate "2008.07.03"]
[SourceVersion "1"]
[SourceVersionDate "2008.07.03"]
[SourceQuality "1"]

1. d4 d5 2. Nf3 Nf6 3. c4 dxc4 4. e3 e6 5. Bxc4 c5 6. 0-0 a6 7. Bb3 cxd4 8. exd4 Nc6 9. Nc3 Be7 10. Bf4 0-0 11. Rc1 Na5 12. Bc2 b5 13. a4 b4 14. Ne4 Nd5 15. Bg5 Bb7 16. Bb1 Bxg5 17. Nfxg5 g6 18. Qg4 Qe7 19. Nc5 Rfe8 20. Qh4 Nf6 21. Rfe1 Bd5 22. Re3 Ra7 23. Rce1 Qf8 24. Nd3 Nc4 25. Rh3 Qg7 26. Nxb4 Ba8 27. b3 Nd2 28. Bc2 h6 29. Qf4 Nxb3 30. Nxf7 Rxf7 31. Bxb3 Ne4 32. Qxh6 Qxd4 33. Qxg6+ Kf8 34. Qh6+ Kg8 35. Nd3 Nxf2 36. Rg3+ Ng4+ 37. Kh1 Qe4 38. Qg5+ Kf8 39. Qc5+ Ree7 40. Rxe4 Rf1+ 41. Qg1 Rxg1+ 42. Kxg1 Bxe4 43. Nc5 Bf5 44. Nxa6 Ra7 45. Nc5 Rc7 46. h3 Rxc5 47. hxg4 Bg6 48. Bxe6 Rc1+ 49. Kh2 Ra1 50. Rf3+ Ke7 51. Bb3 Be8 52. g5 Ra3 53. Bc4 Ra1 54. Bb5 Bf7 55. Kg3 Bd5 56. Rd3 Bg8 57. Rd2 Kf7 58. Kf4 Re1 59. Rd7+ Ke6 60. Rd8 Bf7 1-0

[Event "Zalakaros op 27th"]
[Site "Zalakaros"]
[Date "2008.05.23"]
[Round "2"]
[White "Varga, Csaba"]
[Black "Horvath, Adam"]
[Result "0-1"]
[WhiteElo "2356"]
[BlackElo "2524"]
[PlyCount "78"]
[EventDate "2008.05.22"]
[EventType "swiss"]
[EventRounds "9"]
[EventCountry "HUN"]
[SourceTitle "CBM 124 Extra"]
[Source "ChessBase"]
[SourceDate "2008.07.03"]
[SourceVersion "1"]
[SourceVersionDate "2008.07.03"]
[SourceQuality "1"]

1. e4 c5 2. Nc3 e6 3. Nf3 a6 4. g3 Nc6 5. Bg2 Nf6 6. 0-0 Qc7 7. Re1 d6 8. d4 cxd4 9. Nxd4 Nxd4 10. Qxd4 Be7 11. b3 Bd7 12. Bb2 0-0 13. Rad1 Rac8 14. Rd2 Rfd8 15. Nd1 Qa5 16. Ne3 d5 17. exd5 e5 18. Qd3 Bb4 19. Red1 Bxd2 20. Rxd2 Qxa2 21. Bxe5 Ng4 22. Bc3 Nxe3 23. fxe3 Bf5 24. e4 Bg6 25. Qd4 f6 26. Bh3 Qb1+ 27. Kf2 Qh1 28. Bg2 Qxh2 29. d6 Bxe4 30. Qxe4 Rxc3 31. Qg4 h5 32. Qe6+ Kh8 33. Qh3 Qxh3 34. Bxh3 h4 35. d7 hxg3+ 36. Kg2 Kg8 37. Re2 Kf7 38. Bf5 Rc7 39. Be6+ Kf8 0-1

[Event "HUN-chT 0708"]
[Site "Hungary"]
[Date "2008.04.27"]
[Round "10"]
[White "Varga, Csaba"]
[Black "Varga, Peter"]
[Result "1/2-1/2"]
[WhiteElo "2367"]
[BlackElo "2420"]
[PlyCount "108"]
[EventDate "2007.10.14"]
[EventType "team"]
[EventRounds "11"]
[EventCountry "HUN"]
[SourceTitle "EXT 2009"]
[Source "ChessBase"]
[SourceDate "2008.11.26"]
[SourceVersion "1"]
[SourceVersionDate "2008.11.26"]
[SourceQuality "1"]
[WhiteTeam "Postas/MTK"]
[BlackTeam "Kazincbarcika"]
[WhiteTeamCountry "HUN"]
[BlackTeamCountry "HUN"]

1. d4 d5 2. c4 c6 3. cxd5 cxd5 4. Bf4 Nc6 5. Nc3 Nf6 6. e3 a6 7. Bd3 Bg4 8. Nge2 e6 9. 0-0 Be7 10. Rc1 Bh5 11. Na4 Bg6 12. Bxg6 hxg6 13. Qb3 Na5 14. Qd3 Nc6 15. a3 Bd6 16. Nc5 Bxc5 17. dxc5 e5 18. Bg5 Qd7 19. Bxf6 gxf6 20. Rfd1 Rd8 21. Ng3 Qe6 22. f4 f5 23. fxe5 Qxe5 24. Qc3 Rh4 25. Qxe5+ Nxe5 26. Rd4 Rxd4 27. exd4 Nc4 28. Ne2 Kd7 29. Nf4 Kc6 30. Nd3 Kb5 31. Rc3 a5 32. Kf2 Re8 33. Nf4 Kc6 34. b4 Re4 35. Ne2 axb4 36. axb4 b6 37. Rh3 bxc5 38. bxc5 Re7 39. Rh8 Nd2 40. Rc8+ Kb5 41. Ra8 Ne4+ 42. Kf1 Nd2+ 43. Ke1 Ne4 44. Kd1 Kc4 45. Ra3 Kb4 46. Ra2 Nc3+ 47. Nxc3 Kxc3 48. Re2 Ra7 49. Rd2 g5 50. Ke1 f4 51. Rd1 Kc2 52. Rd2+ Kc3 53. Rd1 Kc2 54. Rd2+ Kc3 1/2-1/2

[Event "HUN-chT 0708"]
[Site "Hungary"]
[Date "2008.02.17"]
[Round "6"]
[White "Varga, Csaba"]
[Black "Balog, Imre1111"]
[Result "1/2-1/2"]
[WhiteElo "2367"]
[BlackElo "2403"]
[PlyCount "116"]
[EventDate "2007.10.14"]
[EventType "team"]
[EventRounds "11"]
[EventCountry "HUN"]
[SourceTitle "EXT 2009"]
[Source "ChessBase"]
[SourceDate "2008.11.26"]
[SourceVersion "1"]
[SourceVersionDate "2008.11.26"]
[SourceQuality "1"]
[WhiteTeam "Postas/MTK"]
[BlackTeam "Mako"]
[WhiteTeamCountry "HUN"]
[BlackTeamCountry "HUN"]

1. e4 e6 2. d4 d5 3. Nc3 Nf6 4. Qd3 c5 5. Nf3 cxd4 6. Nxd4 Nc6 7. exd5 Nb4 8. Qd1 Nbxd5 9. Bb5+ Bd7 10. Nxd5 Nxd5 11. 0-0 Be7 12. c4 Nb6 13. Bf4 0-0 14. Rc1 Bf6 15. Bd6 Bxd4 16. Qxd4 Bxb5 17. cxb5 Re8 18. Rfd1 Nd5 19. Bg3 Qa5 20. a4 Rec8 21. h4 Qb6 22. Qg4 a6 23. Be5 f6 24. Bd4 Qd6 25. Bc5 Qd7 26. b6 Rc6 27. b4 Re8 28. a5 Rcc8 29. h5 Qf7 30. Rd3 Rcd8 31. Rcd1 Rd7 32. h6 Qg6 33. Rg3 Qxg4 34. Rxg4 g6 35. Rgd4 Rc8 36. f4 Kf7 37. g4 f5 38. g5 Rdd8 39. Kf2 Ke8 40. Re1 Rc6 41. Red1 Rd7 42. Kf3 Kd8 43. R4d2 Kc8 44. Rd3 Kb8 45. R3d2 Rd8 46. Re2 Kc8 47. Rde1 Re8 48. Rd2 Kd8 49. Re5 Kd7 50. Rd4 Rcc8 51. Rdxd5+ exd5 52. Rxd5+ Kc6 53. Rd6+ Kb5 54. Rd7 Rcd8 55. Rxb7 Rd3+ 56. Kf2 Rd2+ 57. Kf3 Rd3+ 58. Kf2 Rd2+ 1/2-1/2

[Event "HUN-chT 0708"]
[Site "Hungary"]
[Date "2007.10.14"]
[Round "1"]
[White "Varga, Csaba"]
[Black "Acs, Peter"]
[Result "1/2-1/2"]
[WhiteElo "2367"]
[BlackElo "2548"]
[PlyCount "64"]
[EventDate "2007.10.14"]
[EventType "team"]
[EventRounds "11"]
[EventCountry "HUN"]
[SourceTitle "EXT 2009"]
[Source "ChessBase"]
[SourceDate "2008.11.26"]
[SourceVersion "1"]
[SourceVersionDate "2008.11.26"]
[SourceQuality "1"]
[WhiteTeam "Postas/MTK"]
[BlackTeam "Paks"]
[WhiteTeamCountry "HUN"]
[BlackTeamCountry "HUN"]

1. d4 Nf6 2. c4 e6 3. Nc3 Bb4 4. Qc2 0-0 5. a3 Bxc3+ 6. Qxc3 d6 7. Nf3 b6 8. g3 Nbd7 9. Bg2 Bb7 10. 0-0 Rc8 11. b4 c5 12. dxc5 bxc5 13. b5 d5 14. e3 dxc4 15. Qxc4 Qb6 16. a4 Bd5 17. Qe2 Qb7 18. Bb2 c4 19. Bxf6 Nxf6 20. Rfc1 Rc5 21. Ra3 Rfc8 22. Ne1 Bxg2 23. Nxg2 c3 24. Qd3 Ne4 25. f3 Nd2 26. Ne1 Qc7 27. a5 g5 28. b6 axb6 29. axb6 Qxb6 30. Raxc3 Rxc3 31. Rxc3 Rd8 32. Qe2 Qb1 1/2-1/2

[Event "HUN-chT2 Maroczy 0607"]
[Site "Hungary"]
[Date "2007.04.29"]
[Round "9"]
[White "Varga, Csaba"]
[Black "Csizmadia, Laszlo"]
[Result "1/2-1/2"]
[WhiteElo "2325"]
[BlackElo "2335"]
[PlyCount "120"]
[EventDate "2006.11.12"]
[EventType "team"]
[EventRounds "11"]
[EventCountry "HUN"]
[SourceTitle "EXT 2008"]
[Source "ChessBase"]
[SourceDate "2007.11.25"]
[SourceVersion "1"]
[SourceVersionDate "2007.11.25"]
[SourceQuality "1"]
[WhiteTeam "Teva"]
[BlackTeam "Maroczy"]
[WhiteTeamCountry "HUN"]
[BlackTeamCountry "HUN"]

1. d4 d5 2. c4 Bf5 3. Qb3 e5 4. cxd5 exd4 5. Nf3 Bc5 6. e3 dxe3 7. Bxe3 Bxe3 8. Qxe3+ Ne7 9. Bb5+ Nd7 10. 0-0 0-0 11. Nc3 Nf6 12. Rad1 Qd6 13. Bc4 a6 14. h3 b5 15. Bb3 b4 16. Na4 Nexd5 17. Qd4 Rad8 18. Rfe1 Nf4 19. Nc5 Nd3 20. Qxd6 Rxd6 21. Nxd3 Bxd3 22. Ne5 Be4 23. Rxd6 cxd6 24. Ng4 Re8 25. Nxf6+ gxf6 26. Bd5 Re5 27. Rxe4 Rxd5 28. Rxb4 Rd1+ 29. Kh2 Kg7 30. Kg3 Rd2 31. Kf3 f5 32. Ke3 Rc2 33. a4 a5 34. Rb6 f4+ 35. Kf3 Rd2 36. Rb5 Kf6 37. b4 Rd4 38. bxa5 Rxa4 39. Kg4 Ra2 40. Kf3 h6 41. h4 Ke6 42. Rh5 f6 43. Rxh6 Ke5 44. Rh7 Rxa5 45. Kg4 f5+ 46. Kg5 Ra2 47. Re7+ Kd4 48. f3 Rxg2+ 49. Kxf5 Rh2 50. Re4+ Kc5 51. Rxf4 d5 52. Kg5 Rg2+ 53. Rg4 Rf2 54. Kf4 d4 55. h5 Rh2 56. Rg5+ Kc4 57. Kg3 Rh1 58. Kg2 Rh4 59. Kf2 Rh2+ 60. Kg3 Rh1 1/2-1/2

[Event "HUN-chT2 Maroczy 0607"]
[Site "Hungary"]
[Date "2007.04.15"]
[Round "8"]
[White "Erdelyi, Zombor"]
[Black "Varga, Csaba"]
[Result "0-1"]
[WhiteElo "2349"]
[BlackElo "2325"]
[PlyCount "58"]
[EventDate "2006.11.12"]
[EventType "team"]
[EventRounds "11"]
[EventCountry "HUN"]
[SourceTitle "EXT 2008"]
[Source "ChessBase"]
[SourceDate "2007.11.25"]
[SourceVersion "1"]
[SourceVersionDate "2007.11.25"]
[SourceQuality "1"]
[WhiteTeam "Husi"]
[BlackTeam "Teva"]
[WhiteTeamCountry "HUN"]
[BlackTeamCountry "HUN"]

1. e4 c5 2. Nf3 d6 3. d4 cxd4 4. Nxd4 Nf6 5. Nc3 a6 6. Be3 e5 7. Nf3 Be7 8. Bc4 0-0 9. 0-0 Be6 10. Bb3 Nc6 11. Qd3 Rc8 12. Rfd1 Na5 13. Bg5 Ne8 14. Bxe7 Qxe7 15. Nd5 Bxd5 16. Bxd5 Nf6 17. Rac1 Qc7 18. Nd2 Nxd5 19. Qxd5 Rfd8 20. Nf1 Qb6 21. b3 Nc6 22. c3 Ne7 23. Qd3 d5 24. exd5 Nxd5 25. Qf3 e4 26. Qg3 e3 27. Nxe3 Nxc3 28. Rxd8+ Qxd8 29. Re1 Qd2 0-1

[Event "Budapest FS03 GM"]
[Site "Budapest"]
[Date "2007.03.08"]
[Round "6"]
[White "Varga, Csaba"]
[Black "Kosic, Dragan"]
[Result "0-1"]
[WhiteElo "2342"]
[BlackElo "2504"]
[PlyCount "48"]
[EventDate "2007.03.03"]
[EventType "tourn"]
[EventRounds "11"]
[EventCountry "HUN"]
[EventCategory "8"]
[SourceTitle "CBM 117 Extra"]
[Source "ChessBase"]
[SourceDate "2007.05.09"]
[SourceVersion "1"]
[SourceVersionDate "2007.05.09"]
[SourceQuality "1"]

1. d4 d5 2. c4 e6 3. Nc3 c6 4. e4 Bb4 5. cxd5 cxd5 6. e5 Ne7 7. Bd3 Nbc6 8. Qg4 0-0 9. Nf3 f5 10. exf6 Rxf6 11. Bg5 e5 12. Bxh7+ Kxh7 13. Qh4+ Rh6 14. Bxh6 gxh6 15. Nxe5 Nf5 16. Qg4 Qf6 17. Nxc6 bxc6 18. 0-0-0 Ne3 19. Qg3 Nxd1 20. Rxd1 Bd6 21. Qd3+ Bf5 22. Qe3 Bg6 23. g3 Re8 24. Qd2 Qf5 0-1

[Event "Budapest FS03 GM"]
[Site "Budapest"]
[Date "2007.03.05"]
[Round "3"]
[White "Potapov, Pavel"]
[Black "Varga, Csaba"]
[Result "1-0"]
[WhiteElo "2380"]
[BlackElo "2342"]
[PlyCount "43"]
[EventDate "2007.03.03"]
[EventType "tourn"]
[EventRounds "11"]
[EventCountry "HUN"]
[EventCategory "8"]
[SourceTitle "CBM 117 Extra"]
[Source "ChessBase"]
[SourceDate "2007.05.09"]
[SourceVersion "1"]
[SourceVersionDate "2007.05.09"]
[SourceQuality "1"]

1. e4 Nf6 2. e5 Ng8 3. d4 d6 4. Nf3 Bg4 5. h3 Bh5 6. g4 Bg6 7. Bg2 Nc6 8. Qe2 e6 9. d5 exd5 10. exd6+ Kd7 11. dxc7 Qxc7 12. 0-0 Re8 13. Be3 Bc5 14. Nc3 Nf6 15. g5 Bxe3 16. fxe3 Ne4 17. Nxd5 Qg3 18. Qc4 Kc8 19. b4 Nd6 20. Qb3 Be4 21. Nf4 Kb8 22. Ne2 1-0

[Event "Budapest FS03 GM"]
[Site "Budapest"]
[Date "2007.03.04"]
[Round "2"]
[White "Varga, Csaba"]
[Black "Caruana, Fabiano"]
[Result "0-1"]
[WhiteElo "2342"]
[BlackElo "2492"]
[PlyCount "94"]
[EventDate "2007.03.03"]
[EventType "tourn"]
[EventRounds "11"]
[EventCountry "HUN"]
[EventCategory "8"]
[SourceTitle "CBM 117 Extra"]
[Source "ChessBase"]
[SourceDate "2007.05.09"]
[SourceVersion "1"]
[SourceVersionDate "2007.05.09"]
[SourceQuality "1"]

1. d4 Nf6 2. c4 e6 3. Nc3 Bb4 4. Qc2 c5 5. dxc5 0-0 6. a3 Bxc5 7. Nf3 b6 8. e3 Bb7 9. Bd3 Be7 10. Qe2 d6 11. 0-0 Nbd7 12. b4 Rc8 13. Bb2 Qc7 14. Rac1 Qb8 15. h3 Qa8 16. e4 Rfd8 17. Qe3 Nf8 18. Nd4 N6d7 19. f4 Bf6 20. Rc2 Ng6 21. Nf3 Ba6 22. Nd2 Qb8 23. a4 Bb7 24. Nb3 Ba8 25. Ba3 Re8 26. Ne2 Bc6 27. b5 Ba8 28. Rd2 Be7 29. Ng3 e5 30. f5 Nf4 31. f6 Nxf6 32. Rdf2 Nd7 33. Nf5 Bf8 34. Kh2 g6 35. Nh4 Be7 36. g3 Bxh4 37. gxh4 Qc7 38. h5 Nf8 39. Rxf4 exf4 40. Qxf4 Ne6 41. Qg3 Nc5 42. Nd2 Nxd3 43. Bxd6 Qd7 44. Qxd3 Re6 45. e5 Rxe5 46. h6 Re6 47. c5 Rxc5 0-1

[Event "Budapest FS03 GM"]
[Site "Budapest"]
[Date "2007.03.03"]
[Round "1"]
[White "Ilincic, Zlatko"]
[Black "Varga, Csaba"]
[Result "1-0"]
[WhiteElo "2451"]
[BlackElo "2342"]
[PlyCount "109"]
[EventDate "2007.03.03"]
[EventType "tourn"]
[EventRounds "11"]
[EventCountry "HUN"]
[EventCategory "8"]
[SourceTitle "CBM 117 Extra"]
[Source "ChessBase"]
[SourceDate "2007.05.09"]
[SourceVersion "1"]
[SourceVersionDate "2007.05.09"]
[SourceQuality "1"]

1. d4 d5 2. c4 dxc4 3. e4 c5 4. d5 Nf6 5. Nc3 b5 6. Bf4 Qa5 7. e5 Ne4 8. Nge2 Na6 9. f3 Nb4 10. fxe4 Nd3+ 11. Kd2 g6 12. Ke3 Bg7 13. Qd2 0-0 14. Nd1 Qc7 15. g3 g5 16. Bxg5 f6 17. exf6 Qe5 18. Bf4 Qxf6 19. Nf2 Ne5 20. Bh3 Bxh3 21. Nxh3 Qh6 22. Neg1 c3 23. Qe2 cxb2 24. Rb1 Qa6 25. Kf2 c4 26. Nf3 Nxf3 27. Kxf3 c3 28. Ng5 Qg6 29. Ne6 Rf6 30. Nxg7 Kxg7 31. Qxb5 Qh5+ 32. Ke3 c2 33. Rxb2 Qd1 34. Qc5 Qxh1 35. Qxe7+ Kg6 36. Rxc2 Qe1+ 37. Re2 Qg1+ 38. Kf3 Rc8 39. Qe5 Qf1+ 40. Rf2 Qh3 41. Ke3 Qg4 42. Rb2 h6 43. h4 Qd1 44. h5+ Qxh5 45. Qxh5+ Kxh5 46. Rh2+ Kg6 47. e5 Rf7 48. Rxh6+ Kg7 49. Ra6 Rb7 50. Ke4 Rc4+ 51. Kf5 Rf7+ 52. Ke6 Kf8 53. d6 Ke8 54. Kd5 Rb4 55. Rc6 1-0

[Event "HUN-chT2 Maroczy 0607"]
[Site "Hungary"]
[Date "2007.02.18"]
[Round "5"]
[White "Varga, Csaba"]
[Black "Bakos, Balazs"]
[Result "1-0"]
[WhiteElo "2325"]
[BlackElo "2275"]
[PlyCount "59"]
[EventDate "2006.11.12"]
[EventType "team"]
[EventRounds "11"]
[EventCountry "HUN"]
[SourceTitle "EXT 2008"]
[Source "ChessBase"]
[SourceDate "2007.11.25"]
[SourceVersion "1"]
[SourceVersionDate "2007.11.25"]
[SourceQuality "1"]
[WhiteTeam "Teva"]
[BlackTeam "Fuzesabony"]
[WhiteTeamCountry "HUN"]
[BlackTeamCountry "HUN"]

1. d4 Nf6 2. c4 g6 3. Nc3 d5 4. cxd5 Nxd5 5. e4 Nxc3 6. bxc3 Bg7 7. Nf3 c5 8. Rb1 0-0 9. Qd2 b6 10. Ba3 Bb7 11. Bd3 Nd7 12. 0-0 Qc7 13. Rfe1 e6 14. Rbd1 Rfe8 15. Bb2 Rad8 16. Qe2 Bc6 17. e5 f6 18. exf6 Nxf6 19. dxc5 bxc5 20. Ne5 Ba4 21. Bc2 Bxc2 22. Rxd8 Rxd8 23. Qxc2 c4 24. Qe2 Rc8 25. g3 Kh8 26. Ba3 Ne8 27. Qf3 Kg8 28. Qg4 Qb6 29. Nxc4 Qa6 30. Rxe6 1-0

[Event "HUN-chT2 Maroczy 0607"]
[Site "Hungary"]
[Date "2006.12.17"]
[Round "4"]
[White "Szabo, Attila"]
[Black "Varga, Csaba"]
[Result "0-1"]
[WhiteElo "2379"]
[BlackElo "2325"]
[PlyCount "56"]
[EventDate "2006.11.12"]
[EventType "team"]
[EventRounds "11"]
[EventCountry "HUN"]
[SourceTitle "EXT 2008"]
[Source "ChessBase"]
[SourceDate "2007.11.25"]
[SourceVersion "1"]
[SourceVersionDate "2007.11.25"]
[SourceQuality "1"]
[WhiteTeam "DEAC"]
[BlackTeam "Teva"]
[WhiteTeamCountry "HUN"]
[BlackTeamCountry "HUN"]

1. c4 e5 2. Nc3 Nf6 3. g3 Bb4 4. Bg2 0-0 5. e4 Bxc3 6. bxc3 Re8 7. Ne2 c6 8. Qa4 Na6 9. Ba3 d6 10. 0-0 Nc5 11. Qc2 Be6 12. d4 exd4 13. cxd4 Ncxe4 14. d5 cxd5 15. cxd5 Bxd5 16. Rfd1 Rc8 17. Qb2 Qa5 18. Nf4 Bc6 19. Bxd6 Nxd6 20. Rxd6 Re1+ 21. Rxe1 Qxe1+ 22. Bf1 Ne4 23. Rd3 Ng5 24. Qb3 Be4 25. Rd1 Nf3+ 26. Qxf3 Qxf1+ 27. Kxf1 Bxf3 28. Ne2 Re8 0-1

[Event "HUN-chT2 Maroczy 0607"]
[Site "Hungary"]
[Date "2006.12.03"]
[Round "3"]
[White "Varga, Csaba"]
[Black "Csolto, Robert"]
[Result "1-0"]
[WhiteElo "2325"]
[BlackElo "2336"]
[PlyCount "65"]
[EventDate "2006.11.12"]
[EventType "team"]
[EventRounds "11"]
[EventCountry "HUN"]
[SourceTitle "EXT 2008"]
[Source "ChessBase"]
[SourceDate "2007.11.25"]
[SourceVersion "1"]
[SourceVersionDate "2007.11.25"]
[SourceQuality "1"]
[WhiteTeam "Teva"]
[BlackTeam "Kazincbarcika"]
[WhiteTeamCountry "HUN"]
[BlackTeamCountry "HUN"]

1. d4 Nf6 2. c4 g6 3. Nc3 Bg7 4. e4 0-0 5. Be3 d6 6. f3 Nc6 7. Nge2 a6 8. Qd2 Rb8 9. Rb1 e6 10. b4 Ne7 11. Ng3 d5 12. e5 Ne8 13. h4 f6 14. f4 h5 15. c5 Bh6 16. Bd3 Nf5 17. Nxf5 exf5 18. g3 Ng7 19. Bc2 Ne6 20. Rd1 Bd7 21. Nxd5 fxe5 22. dxe5 Bc6 23. 0-0 Kh8 24. Bb3 Qe8 25. Nf6 Qe7 26. Bd5 Bb5 27. Rfe1 Rbd8 28. Qc2 c6 29. Bb3 a5 30. Rd6 Ng7 31. Red1 Qc7 32. Nd7 Rfe8 33. Rxg6 1-0

[Event "Budapest FS12 IM"]
[Site "Budapest"]
[Date "2005.12.12"]
[Round "10"]
[White "Werner, Dimo"]
[Black "Varga, Csaba"]
[Result "1-0"]
[WhiteElo "2376"]
[BlackElo "2279"]
[PlyCount "97"]
[EventDate "2005.12.03"]
[EventType "tourn"]
[EventRounds "11"]
[EventCountry "HUN"]
[EventCategory "2"]
[SourceTitle "CBM 109 Extra"]
[Source "ChessBase"]
[SourceDate "2006.01.03"]
[SourceVersion "2"]
[SourceVersionDate "2006.01.03"]
[SourceQuality "1"]

1. c4 e5 2. Nc3 Nf6 3. g3 Bb4 4. Bg2 0-0 5. Nf3 Re8 6. 0-0 Nc6 7. d4 exd4 8. Nd5 Be7 9. b3 Nxd5 10. cxd5 Nb4 11. Nxd4 c6 12. e4 Bf6 13. Bb2 c5 14. Qd2 d6 15. a3 Na6 16. Nb5 Bxb2 17. Qxb2 Nc7 18. Nc3 f5 19. f3 Bd7 20. Rf2 Re7 21. Qd2 Ne8 22. exf5 Bxf5 23. g4 Bg6 24. f4 Nf6 25. g5 Ne4 26. Bxe4 Bxe4 27. f5 Re5 28. Re1 Qe8 29. Nxe4 Rxe4 30. Rfe2 Rxe2 31. Qxe2 Qxe2 32. Rxe2 Rf8 33. g6 hxg6 34. fxg6 b5 35. Re6 Rf6 36. Re8+ Rf8 37. Re7 Rc8 38. Kf2 a5 39. Ke2 Rf8 40. Rd7 Re8+ 41. Kd3 Kf8 42. Rxd6 Re5 43. Rd7 Rh5 44. d6 Ke8 45. Re7+ Kd8 46. Ke4 Rxh2 47. Rxg7 c4 48. bxc4 bxc4 49. Kd5 1-0

[Event "Budapest FS12 IM"]
[Site "Budapest"]
[Date "2005.12.09"]
[Round "7"]
[White "Varga, Csaba"]
[Black "Radnai, Adam"]
[Result "1-0"]
[WhiteElo "2279"]
[BlackElo "2198"]
[PlyCount "91"]
[EventDate "2005.12.03"]
[EventType "tourn"]
[EventRounds "11"]
[EventCountry "HUN"]
[EventCategory "2"]
[SourceTitle "CBM 109 Extra"]
[Source "ChessBase"]
[SourceDate "2006.01.03"]
[SourceVersion "2"]
[SourceVersionDate "2006.01.03"]
[SourceQuality "1"]

1. d4 d5 2. c4 Nc6 3. Nc3 dxc4 4. e3 e5 5. d5 Nce7 6. Bxc4 Nf5 7. Nf3 f6 8. 0-0 Nge7 9. Qc2 a6 10. Rd1 g6 11. Ne4 Bg7 12. Bd2 Nd6 13. Nxd6+ cxd6 14. Qa4+ Bd7 15. Qa3 Nc8 16. Rac1 0-0 17. Bb4 Bg4 18. Be2 f5 19. Rc2 g5 20. Qa5 Qf6 21. h3 Bxf3 22. Bxf3 Qg6 23. Be2 f4 24. e4 h5 25. Qc7 Qxe4 26. Bd3 Qxb4 27. Qd7 Rf7 28. Bh7+ Kxh7 29. Qxf7 Qa4 30. b3 Qe4 31. Qxh5+ Kg8 32. Qe8+ Kh7 33. Rxc8 Rxc8 34. Qxc8 Qg6 35. Rc1 e4 36. Qxb7 e3 37. fxe3 Qd3 38. Qe7 Qd2 39. Rf1 Qe2 40. Qe4+ Kh6 41. Qf3 Qxe3+ 42. Qxe3 fxe3 43. Rf3 g4 44. hxg4 Kg5 45. Kf1 Bd4 46. Ke2 1-0

[Event "Budapest FS12 IM"]
[Site "Budapest"]
[Date "2005.12.05"]
[Round "3"]
[White "Bachler, Reinhard"]
[Black "Varga, Csaba"]
[Result "0-1"]
[WhiteElo "2235"]
[BlackElo "2279"]
[PlyCount "66"]
[EventDate "2005.12.03"]
[EventType "tourn"]
[EventRounds "11"]
[EventCountry "HUN"]
[EventCategory "2"]
[SourceTitle "CBM 109 Extra"]
[Source "ChessBase"]
[SourceDate "2006.01.03"]
[SourceVersion "2"]
[SourceVersionDate "2006.01.03"]
[SourceQuality "1"]

1. f4 d5 2. Nf3 g6 3. g3 Bg7 4. Bg2 Nh6 5. d3 d4 6. c4 0-0 7. Na3 c5 8. 0-0 Nc6 9. Nc2 Nf5 10. Rb1 a5 11. a3 a4 12. b4 axb3 13. Rxb3 Qc7 14. Bd2 Na5 15. Rb1 Bd7 16. e4 dxe3 17. Nxe3 Nxe3 18. Bxe3 Rfd8 19. Qe2 Bf5 20. Rfd1 Ra6 21. Ng5 Rad6 22. Bd5 e6 23. Be4 h6 24. Bxf5 exf5 25. Nf3 Re6 26. Qf2 b6 27. Ne5 Nc6 28. d4 cxd4 29. Bxd4 Red6 30. Nxc6 Qxc6 31. Rxb6 Qxb6 32. Bxb6 Rxd1+ 33. Kg2 R8d2 0-1

[Event "Budapest FS12 IM"]
[Site "Budapest"]
[Date "2005.12.04"]
[Round "2"]
[White "Varga, Csaba"]
[Black "Muratet Casadevall, Albert"]
[Result "1-0"]
[WhiteElo "2279"]
[BlackElo "2175"]
[PlyCount "69"]
[EventDate "2005.12.03"]
[EventType "tourn"]
[EventRounds "11"]
[EventCountry "HUN"]
[EventCategory "2"]
[SourceTitle "CBM 109 Extra"]
[Source "ChessBase"]
[SourceDate "2006.01.03"]
[SourceVersion "2"]
[SourceVersionDate "2006.01.03"]
[SourceQuality "1"]

1. d4 Nf6 2. c4 g6 3. Nc3 Bg7 4. e4 d6 5. f3 0-0 6. Be3 Nc6 7. Nge2 a6 8. Qd2 Rb8 9. Nc1 e5 10. d5 Nd4 11. Nb3 Nxb3 12. axb3 Nh5 13. b4 f5 14. c5 Nf6 15. Bd3 fxe4 16. Nxe4 Nxe4 17. Bxe4 Bf5 18. 0-0 Bxe4 19. fxe4 Qh4 20. Qd3 Rxf1+ 21. Rxf1 Rf8 22. Rxf8+ Bxf8 23. g3 Qh5 24. Kg2 Bh6 25. Bf2 Qg4 26. Qc2 Kf8 27. h3 Qd7 28. c6 bxc6 29. dxc6 Qc8 30. Qa4 Bd2 31. b5 a5 32. b6 cxb6 33. Qb5 Qc7 34. Bxb6 Qc8 35. Ba7 1-0